| 000 | 00353nam a22001337a 4500 | ||
|---|---|---|---|
| 008 | 160507b xxu||||| |||| 00| 0 eng d | ||
| 020 | _a9780538739252 | ||
| 020 | _a9780538739252 | ||
| 020 | _a0538739258 | ||
| 041 | _aeng | ||
| 080 | _a573 | ||
| 245 |
_aBiology concepts and applications: _cCecie Starr;Christine A. Evers; Lisa Starr; |
||
| 942 |
_2udc _cBK |
||
| 999 |
_c1924 _d1924 |
||